000 00820nam a2200229Ii 4500
003 JO-AjNU
008 230605s9999||||xx |||||||||||||| ||und||
017 _a2010/5/1601
020 _a978-9957-07-838-4
040 _aJO-AjNU
_bara
_erda
_cJO-AjNU
041 _aara
050 1 4 _aHD58.6.A457.2011
100 3 _aعامر، سامح عبدالمطلب/علاء محمد سيد قنديل/نبيه محمد محمد الصعيدي,
_eauthor
_943113
245 0 0 _aادارة التفاوض=negotiation management
250 _aط1
264 3 1 _aعمان:دار الفكر ناشرون وموزعون،2011
300 _a479ص
336 _atext
_btxt
_2rdacontent
337 _aunmediated
_bn
_2rdamedia
338 _avolume
_bnc
_2rdacarrier
650 4 _aالمفاوضات-الاتصال الجماهيري
_943114
999 _aA18511
_c22079
_d22079